banner koha

Drogas antimicrobianas em nutricao de aves: frequencias de enterobacterias, ganho de peso e conversibilidade alimentar [Pinto de um dia; Racao] (Registro n. 103838)

MARC details
000 -LÍDER
campo de controle de tamanho fixo 01050nas a2200289 4500
001 - NÚMERO DE CONTROLE
campo de controle BR8001410
003 - IDENTIFICADOR DO NÚMERO DE CONTROLE
campo de controle BR-BrBNA
005 - DATA E HORÁRIO DA ÚLTIMA TRANSAÇÃO
campo de controle 20231205084222.0
007 - CAMPO FIXO DE DESCRIÇÃO FÍSICA--INFORMAÇÃO GERAL
campo de controle de tamanho fixo ta
008 - CAMPO DE DADOS FIXOS--INFORMAÇÃO GERAL
campo de controle de tamanho fixo 230509b bl.|||p| |||| 00| 00por d
040 ## - FONTE DA CATALOGAÇÃO
Instituição da catalogação original BR-BrBNA
Idioma da catalogação por
Instituição que transcreveu o registro Biblioteca Nacional de Agricultura
041 ## - CÓDIGO DE IDIOMA
Código do idioma do texto/trilha sonora ou título diferente (Pt)
072 ## - CÓDIGO DE CATEGORIA DE ASSUNTO
Código de Categoria de Assunto L34
100 1# - ENTRADA PRINCIPAL--NOME PESSOAL
Nome pessoal Lopes, C.A.M.
100 1# - ENTRADA PRINCIPAL--NOME PESSOAL
Nome pessoal Moreno, G.
100 1# - ENTRADA PRINCIPAL--NOME PESSOAL
Nome pessoal Mahamadou, I.
100 1# - ENTRADA PRINCIPAL--NOME PESSOAL
Nome pessoal Gomes, M.C.G.
100 1# - ENTRADA PRINCIPAL--NOME PESSOAL
Nome pessoal Conceicao, A.H.
245 1# - TÍTULO
Título Drogas antimicrobianas em nutricao de aves: frequencias de enterobacterias, ganho de peso e conversibilidade alimentar [Pinto de um dia; Racao]
246 1# - FORMA VARIANTE DO TÍTULO
Título/título abreviado Antimicrobial drugs in poultry nutrition: frequency of enterobacteriaceae, weight gain and feed efficiency [One day old chick; Ration]
650 ## - ASSUNTO--TERMO TÓPICO
Cabeçalho tópico ou nome geográfico Microbiologia de alimento
650 ## - ASSUNTO--TERMO TÓPICO
Cabeçalho tópico ou nome geográfico Pinto de um dia
650 ## - ASSUNTO--TERMO TÓPICO
Cabeçalho tópico ou nome geográfico Racao
773 0# - ENTRADA ANALÍTICA
Título Arquivos do Instituto Biologico (Brazil)
ISSN - International Standard Serial Number ISSN 0020-3653
Partes relacionadas (Jul 1979), v. 46(3-4) p. 79-86
Número de controle do registro BR8001410
909 ## -
-- 202311
-- Lúcia
-- 55
-- Lúcia Elande
942 ## - ELEMENTOS DE ENTRADA ADICIONADOS (KOHA)
Fonte da classificação ou esquema de arquivamento na estante Classificação AGRIS
Ocultar no OPAC Não
Tipo de material Koha Analítica
Exemplares
Situação do descarte Fonte da classificação ou esquema de arquivamento na estante Situação física Não pode ser emprestado Biblioteca de origem Biblioteca atual Localização na estante Enumeração do periódico / cronologia Total de empréstimos Data de último acesso Número do exemplar Tipo de material Koha Fonte de aquisição
  Classificação AGRIS   Consulta local Biblioteca Nacional de Agricultura - Binagri Biblioteca Nacional de Agricultura - Binagri   (Jul 1979), v. 46(3-4) p. 79-86   29/11/2023 01 Periódicos Portaria Interministerial nº 164/94

BINAGRI

Telefone: (61)3218-2567/2388/3357/2097 - binagri@agro.gov.br

Ministério da Agricultura e Pecuária , Esplanada dos Ministérios, Bloco D, Anexo B, Brasília/DF, CEP: 70.043-900